| 000 | 02916cam a22003254a 4500 | ||
|---|---|---|---|
| 001 | 12662215 | ||
| 003 | OSt | ||
| 005 | 20161110142311.0 | ||
| 008 | 020130s2002 paua b 001 0 eng | ||
| 010 | _a 2002016168 | ||
| 020 | _a0397516908 | ||
| 035 | _a(DNLM)101137256 | ||
| 040 |
_aDNLM/DLC _cDLC _dDLC |
||
| 042 | _apcc | ||
| 050 | 0 | 0 |
_aRC647.C55 _bB54 2002 |
| 060 | 1 | 0 |
_aWH 322 _bB583db 2002 |
| 082 | 0 | 0 |
_aWH 322 _221 _bB472d 2002 |
| 100 | 1 |
_aBick, Rodger L. _98788 |
|
| 245 | 1 | 0 |
_aDisorders of Thrombosis and Hemostasis: _bclinical and laboratory practice _c. |
| 250 | _a3rd ed. | ||
| 260 |
_aPhiladelphia : _bLippincott Williams & Wilkins, _c2002. |
||
| 300 |
_a446 p. : _bill. ; _c29 cm. |
||
| 504 | _aIncludes bibliographical references and index. | ||
| 505 | 8 | _aMachine generated contents note: ContributingAuthors ix --Preface xi --Acknowledgments xiii -- 1. Physiology of Hemostasis 1 -- Rodger L. Bick and Genesio Murano -- 2. Clinical Assessment of Patients with Hemorrhage 31 -- Rodger L. Bick -- 3. Hereditary and Acquired Vascular Thrombohemorrhagic Disorders 39 -- Rodger L. Bick -- 4. Platelet-Function Defects 59 -- Rodger L. Bick -- 5. Thrombocytopenia and Thrombocytosis 91 -- Eugene P. Frenkel -- 6. Hereditary Coagulation Protein Defects 117 -- Frank A. Nizzi, Jr., Suneeti Sapatnekar, and Rodger L. Bick -- 7. Disseminated Intravascular Coagulation 139 -- Rodger L. Bick -- 8. Thrombohemorrhagic Defects in Liver and Renal Diseases 165 -- Eberhard F Mammen -- 9. Thrombotic and Hemorrhagic Problems During Cardiovascular Bypass Surgery and -- Cardiovascular Procedures 177 -- Rodger L. Bick -- 10. Acquired Blood Coagulation Inhibitors 213 -- Yale S. Arkel and De-Hui W Ku -- 11. Clinical Approach to the Patient with Thrombosis, Thromboembolus, and Pulmonary Embolus 251 -- Rodger L. Bick and William E Baker, Jr. -- 12. Thrombohemorrhagic Defects Associated with Malignancy 265 -- Eugene 1P Frenkel and Rodger L. Bick -- 13. Hereditary Thrombophilic Disorders 283 -- Rodger L. Bick and William E Baker, Jr. -- 14. Acquired Thrombophilia 303 -- Rodger L. Bick and William E Baker, Jr. -- 15. Thromboprophylaxis and Thrombosis in Medical, Surgical, Trauma, and -- Obstetric/Gynecologic Patients 325 -- Rodger L. Bick and Sylvia K Haas -- 16. Oral Antithrombotic Therapy: Warfarins and Related Compounds 349 -- Graham E Pineo and Russell D. Hull -- 17. Heparin and Low-Molecular-Weight -- Heparins 359 -- Rodger L. Bick -- 18. Antiplatelet Therapy 379 -- Hans Klaus Breddin -- 19. Thrombolytic Therapy 397 -- William F Baker, Jr. -- 20. Hemostatic Factors in Atherothrombotic Disease 421 -- Yale S. Arkel and De-Hui W Ku --Subject Index 435. | |
| 650 | 0 |
_aHemostasis: Hematology _94830 |
|
| 650 | 0 |
_aThrombosis. _93521 |
|
| 856 | 4 | 1 |
_3Table of contents _uhttp://www.loc.gov/catdir/toc/fy041/2002016168.html |
| 906 |
_a7 _bcbc _corignew _d1 _eocip _f20 _gy-gencatlg |
||
| 942 |
_2ddc _cSLOAN |
||
| 999 |
_c4028 _d4028 |
||